OT 2025 Gala 0 - Estadísticas

Estadísticas generales
  • Esta prueba ha sido intentada 23 veces
  • La puntuación promedio es 8 de 18
Estadísticas de respuestas
Concursante Cantante Real Canción % Correcto
Judit The Mamas & The Papas California Dreamin
80%
Laura Muñoz Mónica Naranjo Desátame
73%
Crespo Manuel Turizo & Marshmello El merengue
73%
Olivia Ariana Grande Break Free
67%
María Cruz Loreen Euphoria
53%
Claudia Arenas Raye Oscar Winning Tears
53%
Quique Shakira Inevitable
47%
Lucía Casani Yuri Maldita Primavera
47%
Salma Leona Lewis Bleeding Love
40%
Tinho TOTO Hold the Line
40%
Cristina Nina Simone My Baby Just Cares for Me
40%
Sam Katy Perry Teenage Dream
40%
Max George Michael Careless Whisper
33%
Guille Toledano Morat Cuanto me duele
33%
Guillo Rist Walk the Moon Shut up and dance
33%
Téyou Morgan Volver
33%
Iván Rojo Cristian Castro No Volveré
27%
Carlos El Kanka Volar
27%
No se encontraron pruebas coincidentes
Distribución de puntuación
Porcentaje de gente con cada puntuación
Porcentaje por número respondido
Historial de tus puntuaciones
No has intentado esta prueba.